Rio abajo / (Registro nro. 30307)
[ vista simple ]
| 000 -CABECERA | |
|---|---|
| campo de control de longitud fija | 00783nam a22002417a 4500 |
| 003 - IDENTIFICADOR DE NÚMERO DE CONTROL | |
| control field | OSt |
| 008 - CÓDIGOS DE INFORMACIÓN DE LONGITUD FIJA | |
| fixed length control field | 231026t1992 ck gr 001 j spa d |
| 020 ## - NÚMERO INTERNACIONAL NORMALIZADO PARA LIBROS | |
| ISBN | 9586120988 |
| 037 ## - SOURCE OF ACQUISITION | |
| Materials specified | Donación |
| 040 ## - Fuente de catalogación | |
| Agencia original de catalogación | CO-JMCR |
| Agencia de transcripción | CO-JMCR |
| Agencia de modificación | CO-JMCR |
| Convenciones de descripción | rda |
| 041 0# - CÓDIGO DE LENGUA | |
| Código idioma | spa |
| 082 04 - NÚMERO DE LA CLASIFICACIÓN DECIMAL DEWEY | |
| Número de clasificación Decimal | A-C |
| Número de documento (Cutter) | VALr |
| 100 1# - PUNTO DE ACCESO PRINCIPAL-NOMBRE DE PERSONA | |
| Nombre personal | Valencia, Reinaldo, |
| Término de función/relación | autor |
| 9 (RLIN) | 43759 |
| 245 10 - TÍTULO PROPIAMENTE DICHO | |
| Título | Rio abajo / |
| Mención de responsabilidad, etc. | Reinaldo valencia |
| 264 ## - PRODUCCION, PUBLICACION, DISTRIBUCION, COPYRIGHT | |
| Lugar de producción, publicación, distribución, etc | Quibdó : |
| Nombre del editor, productor, distribuidor, etc | Biblioteca del Darién , |
| Fecha de producción, publicación, distribución, copyright | ©1992 |
| 300 ## - DESCRIPCIÓN FÍSICA | |
| Extensión | 121 páginas ; |
| Dimensiones | 19 cm. |
| 500 ## - NOTA GENERAL | |
| Nota general | Incluye datos biográficos del autor |
| 505 0# - NOTA DE CONTENIDO FORMATADO | |
| Nota de contenido formateada | Río abajo, pág. 19 -- Los abanicos, pág. 22 -- Los arboles, pág. 22 |
| 650 24 - TÉRMINO DE MATERIA | |
| 9 (RLIN) | 13727 |
| subdivision Geografica | Colombia |
| 650 34 - TÉRMINO DE MATERIA | |
| 9 (RLIN) | 43550 |
| Withdrawn status | Lost status | Source of classification or shelving scheme | Damaged status | Not for loan | Home library | Current library | Shelving location | Date acquired | Source of acquisition | Total Checkouts | Full call number | Barcode | Date last seen | Copy number | Price effective from | Koha item type |
|---|---|---|---|---|---|---|---|---|---|---|---|---|---|---|---|---|
| Dewey Decimal Classification | Biblioteca Pública José María del Castillo y Rada | Biblioteca Pública José María del Castillo y Rada | General Stacks | 12/06/2021 | Donación | A-C VALr | 201811284 | 10/26/2023 | Ej.1 | 10/26/2023 | Books |